| 000 | 00401cam a2200145ua 4500 | ||
|---|---|---|---|
| 041 |
_aeng _h |
||
| 082 |
_a824 _bMEL/AT |
||
| 100 | _aMelrose, Georgiana . | ||
| 245 |
_aAtom village and their peaces of easy reading / _cGeorgiana Melrose. _hTextual Documents |
||
| 260 |
_aLondon : _bUniversity of London Press Ltd , _c1968. |
||
| 300 | _a64 ; . | ||
| 504 | _a | ||
| 942 | _cBK | ||
| 999 |
_c11392 _d11392 |
||